Narendra Modi/ (Record no. 192034)

MARC details
000 -LEADER
fixed length control field 00524nam a22001817a 4500
005 - DATE AND TIME OF LATEST TRANSACTION
control field 20220909113404.0
010 ## - LCCN (DPL NO)
LC control number ENG-134990
020 ## - INTERNATIONAL STANDARD BOOK NUMBER
Terms of availability 500.00
035 ## - SYSTEM CONTROL NUMBER
System control number EN-118522
037 ## - SOURCE OF ACQUISITION
Source of stock number/acquisition DBAD/PUB
082 ## - DEWEY DECIMAL CLASSIFICATION NUMBER
Classification number 954.0532092
100 ## - MAIN ENTRY--PERSONAL NAME
Personal name Ahuja, Manish
245 ## - TITLE STATEMENT
Title Narendra Modi/
Statement of responsibility, etc Manish Ahuja
260 ## - PUBLICATION, DISTRIBUTION, ETC. (IMPRINT)
Place of publication, distribution, etc Guwahati
Name of publisher, distributor, etc Matri Publisher & Distributor
Date of publication, distribution, etc 2015
270 ## - ADDRESS
Address Opp. Brahaputra Jute Mill, A.K. Azad Road
City Guwahati
300 ## - PHYSICAL DESCRIPTION
Extent 224pp.
Dimensions 21cm(hbk)
Other physical details index
942 ## - ADDED ENTRY ELEMENTS (KOHA)
Source of classification or shelving scheme Dewey Decimal Classification
Item type English Books
Classification part 954.0532092
Call number suffix AHU
Holdings
Withdrawn status Lost status Not for loan Collection code Home library Current library Date acquired Source of acquisition Cost, normal purchase price Full call number Barcode Copy number Cost, replacement price Koha item type
      Non-fiction Shahdara Branch Shahdara Branch 09/09/2022 DBAD/PUB 500.00 954.0532092 AHU EN-118522 1 500.00 English Books

© Delhi Public Library
Hit Counter
free hit counter